Formula 1 Champions and Runner Ups by Picture - Statistics

General Stats
  • This quiz has been taken 31 times
  • The average score is 35 of 56
Answer Stats
Picture Hint Answer % Correct
1985,1986,1989,1993 Champion Alain Prost
94%
1975,1977,1984 Champion Niki Lauda
94%
1988,1990,1991 Champion Ayrton Senna
89%
1969,1971,1973 Champion Jackie Stewart
89%
1951,1954-1957 Champion Juan Manuel Fangio
89%
1950 Champion Giuseppe Farina
83%
1994,1995,2000-2004 Champion Michael Schumacher
83%
1981,1983,1987 Champion Nelson Piquet
83%
2005,2006 Champion Fernando Alonso
78%
1976 Champion James Hunt
78%
2009 Champion Jenson Button
78%
2008,2014,2015,2017-2020 Champion Lewis Hamilton
78%
1998,1999 Champion Mika Häkkinen
78%
2010-2013 Champion Sebastian Vettel
78%
1952,1953 Champion Alberto Ascari
72%
1963,1965 Champion Jim Clark
72%
2021-2024 Champion Max Verstappen
72%
2016 Champion Nico Rosberg
72%
1992 Champion Nigel Mansell
72%
2019,2020 Runner Up Valtteri Bottas
72%
1996 Champion Damon Hill
67%
2001 Runner Up David Coulthard
67%
1972,1974 Champion Emerson Fittipaldi
67%
2008 Runner Up Felipe Massa
67%
1997 Champion Jacques Villeneuve
67%
1964 Champion John Surtees
67%
1982 Champion Keke Rosberg
67%
2007 Champion Kimi Räikkönen
67%
1958 Champion Mike Hawthorn
67%
2002,2004 Runner Up Rubens Barrichello
67%
2022 Runner Up Charles Leclerc
61%
1962,1968 Champion Graham Hill
61%
1959,1960,1966 Champion Jack Brabham
61%
2025 Champion Lando Norris
61%
1978 Champion Mario Andretti
61%
1961 Champion Phil Hill
61%
2023 Runner Up Sergio Pérez
61%
1955-1958 Runner Up Stirling Moss
61%
1967 Champion Denny Hulme
56%
1970 Champion Jochen Rindt
56%
1979 Champion Jody Scheckter
56%
1980 Champion Alan Jones
50%
1981 Runner Up Carlos Reutemann
44%
1979 Runner Up Gilles Villeneuve
44%
1954 Runner Up José Froilán González
44%
1971,1978 Runner Up Ronnie Peterson
44%
1961 Runner Up Wolfgang von Trips
44%
1974 Runner Up Clay Regazzoni
39%
1999 Runner Up Eddie Irvine
39%
1969,1970 Runner Up Jacky Ickx
39%
1960 Runner Up Bruce McLaren
33%
1997 Runner Up Heinz-Harald Frentzen
33%
1992 Runner Up Riccardo Patrese
33%
1959 Runner Up Tony Brooks
33%
1982 Runner Up Didier Pironi
28%
1985 Runner Up Michele Alboreto
28%
No matching quizzes found
Score Distribution
Percent of People with Each Score
Percentile by Number Answered
Your Score History
You have not taken this quiz